| 000 | 01194cam a2200229 4500 | ||
|---|---|---|---|
| 001 | WB3824-29 | ||
| 008 | 020701n2002 000 0 eng u | ||
| 035 | _a(Sirsi) u118608 | ||
| 245 | _aArable farmers hit back | ||
| 260 | _c2002 | ||
| 490 |
_aNFU Press Release _v27 June 2002, (2) |
||
| 520 | _aA survey by the National Farmers' Union (NFU) reveals that arable farmers are spending more time and money than ever protecting the countryside. The NFU questioned 2 000 English and Welsh farmers and found that all carried out some type of environmental work. The survey results hit back at accusations that farming causes unnecessary damage to the environment. Summary of survey available at http://www.nfu.org.uk/info/environmentJune02.asp. Full survey results and NFU publication "Looking after the landscape" available from the NFU Press Office, t +44(0)20 7331 7397 http://www.nfu.org.uk/pr/4027052/Envirosurvey.htm | ||
| 590 | _aWB | ||
| 650 | _aNFU | ||
| 650 | _aNATIONAL FARMERS UNION | ||
| 650 | _aARABLE FARMERS | ||
| 650 | _aENVIRONMENTAL MANAGEMENT | ||
| 650 | _aNATURE CONSERVATION | ||
| 650 | _aCOUNTRYSIDE | ||
| 690 | _aRURAL-NATURE CONSERVATION | ||
| 942 | _n0 | ||
| 999 |
_c70628 _d70628 |
||